| 000 | 00553nam a22001817a 4500 | ||
|---|---|---|---|
| 008 | 170201b xxu||||| |||| 00| 0 eng d | ||
| 020 | _a1847031167 | ||
| 040 |
_aKABU _cKABU |
||
| 050 |
_aKD1554 _b.A33 2007 |
||
| 100 | _aAdam, John N. | ||
| 245 |
_aUnderstanding contract law _cby John N. Adam and Rodger Brownsword |
||
| 250 | _a5th ed. | ||
| 260 |
_aUK _bThomas Reuters _c2007 |
||
| 300 | _ax, 292 p. | ||
| 650 |
_aContracts _yEngland |
||
| 700 | _aBrownsword, Roger | ||
| 942 |
_2lcc _cBK _e5th ed. _hKD1554 .A928 2007 C.1 |
||
| 999 |
_c16292 _d16292 |
||